Statistics for romanien or chad

Click here to take the quiz!

General Stats

  • This quiz has been taken 15 times
  • The average score is 3 of 5

Answer Stats

QuestionAnswer% Correct
where ist in europaromanien
100%
grenzt an bulgarienromanien
85%
grenzt an carchad
77%
hat eine wüstechad
46%
hat den größeren bergchad
31%

Score Distribution

Percentile by Number Answered

Percent of People with Each Score

Your Score History

You have not taken this quiz